00333nam a22000977a 4500082002100000245011000021260004100131300001700172563001500189650003100204 a344.0095491bPLC aPakistan Labour Cases 2021 /cFounded by Malik Mir Muhammad and Edited by Muhammad Wahaj Azhar and et all aLahore :bPakistan Law House,c2021. a3 v.c24 cm. aHardcover. aLaw, Pakistan Labour Cases